Statistics for Calgary Flames head coaches

Click here to take the quiz!

General Stats

  • This quiz has been taken 44 times
    (10 since last reset)
  • The average score is 10 of 21

Answer Stats

Hint Answer % Correct
2009-2012Brent Sutter
83%
1997-2000Brian Sutter
83%
2002-2006Darryl Sutter
83%
2018-2019Bill Peters
67%
1982-1987Bob Johnson
67%
1987-1990Terry Crisp
67%
2007-2009Mike Keenan
67%
1972-1974Bernie Geoffrion
50%
2006-2007Jim Playfair
50%
1990-1992Doug Risebrough
50%
2016-2018Glen Gulutzan
50%
1992-1995Dave King
50%
2013-2016Bob Hartley
50%
2019-Geoff Ward
33%
1979-1982Al MacNeil
33%
2001-2002Greg Gilbert
17%
1974-1979Fred Creighton
17%
1995-1997Pierre Page
17%
1992Guy Charron
17%
2000-2001Don Hay
0%

Score Distribution

Percentile by Number Answered

Percent of People with Each Score

Your Score History

You have not taken this quiz since the last reset